Perbankan dan pemberian pinjaman / (Record no. 1703)

000 -LEADER
fixed length control field nam a22 a 4500
003 - CONTROL NUMBER IDENTIFIER
control field AKMAL
005 - DATE AND TIME OF LATEST TRANSACTION
control field 20170511142425.0
008 - FIXED-LENGTH DATA ELEMENTS--GENERAL INFORMATION
fixed length control field 170511s1998 my 00 may d
020 ## - INTERNATIONAL STANDARD BOOK NUMBER
International Standard Book Number 967610860X (kkt.):
Terms of availability RM 10.00
040 ## - CATALOGING SOURCE
Original cataloging agency AKMAL
Transcribing agency AKMAL
082 04 - DEWEY DECIMAL CLASSIFICATION NUMBER
Classification number 332.1752 ROS
090 00 - LOCALLY ASSIGNED LC-TYPE CALL NUMBER (OCLC); LOCAL CALL NUMBER (RLIN)
Classification number (OCLC) (R) ; Classification number, CALL (RLIN) (NR) 332.175
Local cutter number (OCLC) ; Book number/undivided call number, CALL (RLIN) ROS
100 0# - MAIN ENTRY--PERSONAL NAME
Personal name Rosli Mahmood
9 (RLIN) 3511
245 10 - TITLE STATEMENT
Title Perbankan dan pemberian pinjaman /
Statement of responsibility, etc. Rosli Mahmood
260 ## - PUBLICATION, DISTRIBUTION, ETC.
Place of publication, distribution, etc. Kuala Lumpur :
Name of publisher, distributor, etc. Utusan Publications & Distributors,
Date of publication, distribution, etc. 1998
300 00 - PHYSICAL DESCRIPTION
Extent viii, 95ms. :
Other physical details il. ;
Dimensions 22cm
440 #0 - SERIES STATEMENT/ADDED ENTRY--TITLE
Title Siri pengajian dan pendidikan Utusan
9 (RLIN) 549
504 ## - BIBLIOGRAPHY, ETC. NOTE
Bibliography, etc. note Bibliografi: ms. 94-95
650 #0 - SUBJECT ADDED ENTRY--TOPICAL TERM
Topical term or geographic name entry element Bank loans
9 (RLIN) 3512
650 #0 - SUBJECT ADDED ENTRY--TOPICAL TERM
Topical term or geographic name entry element Banks and banking
9 (RLIN) 3508
942 ## - ADDED ENTRY ELEMENTS (KOHA)
Source of classification or shelving scheme
Koha item type Book
Holdings
Withdrawn status Lost status Source of classification or shelving scheme Damaged status Not for loan Collection code Home library Current library Shelving location Date acquired Inventory number Total Checkouts Full call number Barcode Date last seen Price effective from Koha item type
          NON-FICTION AKMAL Melaka AKMAL Melaka PINJAMAN 11.05.2017 304262   332.1752 ROS 201705529 11.05.2017 11.05.2017 Book
Pusat Sumber Maklumat Dato' Haji Sarmin Md Hussin, Akademi Kastam Diraja Malaysia, Melaka
Tel: 06-2331106 | Faks: 06-2313787